000 00298nam a2200109Ia 4500
008 200302s9999 xx 000 0 und d
100 _aJohn Lobell
245 _aBetwn silence and light spirit in the architecture of louis I Khan
260 _bShambhala Publications
260 _c2008
300 _a120
999 _c6920
_d6920